| 000 | 00530nmm a2200169Ia 4500 | ||
|---|---|---|---|
| 008 | 251105s9999||||xx |||||||||||||||||und|| | ||
| 020 | _a9788427714465 | ||
| 041 | _aspa | ||
| 100 | _aMartínez Lozano, Enrique | ||
| 245 | 0 | _aDonde están las raíces : Una pedagogía de la experiencia de oración | |
| 264 |
_a[Madrid, España] : _bNarcea Ediciones, _c2012 |
||
| 300 | _a208 páginas | ||
| 490 | _aLibros de Espiritualidad | ||
| 650 | _aReligion(s) | ||
| 856 | _uhttps://public.digitaliapublishing.com/a/40894 | ||
| 942 | _cCF | ||
| 999 |
_c80645 _d80645 |
||